00635 2200205 4500001002100000005001500021035002000036007000300056008003900059082001700098084002300115100001500138245012100153260003700274300004100311650001100352650003200363600002100395022001300416INLIS00000000000144320250730085706 a0010-0725000035ta250730 | | |  a631.51-635.2 a631.51-635.2 LAT e0 aLatifah, E1 aEffect of Number Seedlings Per Planting Hole and Seeding Media on The Growth And Yield of TSS Shallots /cLatifah, E aBristol :bIOP Publishing,c2025 a1-12 hlm, :bIlus ;c21 cm x 29,7 cm 4aJurnal 4aBibit tanam dan media semai 4aBawang Merah TSS a17551315